000 00447nam a2200169Ia 4500
003 GCL
008 140319s9999 xx 000 0 eng d
040 _aGCL /
_cGCL
082 0 4 _a628.55
_bK P
100 1 _aKOSTECKI, PAUL T.
245 1 0 _aPETROLEUM CONTAMINATED SOILS /
_cKOSTECKI, PAUL T.
700 1 _aCOLABRESE, EDWARD J.
260 _a[S.N] :
_bLEWIS PUBLISHRS ،
_c1990
300 _a423 P
650 0 4 _aSOIL POLLUTION
942 _2ddc
_cBK
999 _c19223
_d19223